LIBRARY & INFORMATION CENTRE, KCAET, TAVANUR

ONLINE PUBLIC ACCESS CATALOGUE (OPAC)

Sankethika varappu / (Record no. 5397)

MARC details
000 -LEADER
fixed length control field 00556cam a2200229ua 4500
041 ## - LANGUAGE CODE
Language code of text/sound track or separate title mal
082 ## - DEWEY DECIMAL CLASSIFICATION NUMBER
Classification number 604.2
Item number ABD/SA
100 ## - MAIN ENTRY--AUTHOR NAME
Personal name Abdulsalam, .
245 ## - TITLE STATEMENT
Title Sankethika varappu /
250 ## - EDITION STATEMENT
Edition statement 1 /
260 ## - PUBLICATION, DISTRIBUTION, ETC. (IMPRINT)
Place of publication Thiruvananthapuram :
Name of publisher State Instititute of Languages ,
Year of publication 1974.
300 ## - PHYSICAL DESCRIPTION
Number of Pages 255 ; .
942 ## - ADDED ENTRY ELEMENTS (KOHA)
Koha item type Books
Holdings
Withdrawn status Lost status Damaged status Home library Current library Date acquired Full call number Accession Number Koha item type
      KAUAET KAUAET 07/04/2012 604.2 14226 Books
      KAUAET KAUAET 07/04/2012 604.2 14225 Books
Withdrawn     KAUAET KAUAET 07/04/2012 604.2 14223 Books
      KAUAET KAUAET 07/04/2012 604.2 14222 Books
Withdrawn     KAUAET KAUAET 07/04/2012 604.2 14224 Books
free website counter